000 00774nam a22002057a 4500
005 20130701154151.0
010 _aUR-8474
020 _a9789380182285
_c160.00
035 _aU-7029
037 _bDBAD/PUB
082 _a841
100 _aشا ہجہا ن جعفر ی حجا ب امر و ہو ی
245 _aد عا ۓ نيم شب : مجمو عہ کلا م
_cشا ہجہا ن جعفر ی حجا ب امر و ہو ی
246 _aDua-e-Neem Shab(poetry)
_bby Shahjahan Jaffery Hijab Amrohvi
260 _aDelhi
_bTakhleeqkar Publishers
_c2011
270 _a104/B-Yawar Manzil.I Block ,Laxmi Nagar.
_b Delhi
_e110092
_k011-22442572,9811612373
300 _a176ص
_b22 cm.
700 _dEdited by Chanchal Singh Cheema
942 _2ddc
_cUR
_h841
_mج ع ف
999 _c76781
_d76781